书目信息 |
| 题名: |
线性代数与解析几何
|
|
| 作者: | 周胜林 , 刘西民 编 | |
| 分册: | ||
| 出版信息: | 北京 高等教育出版社 2015.07 |
|
| 页数: | 212页 | |
| 开本: | 23cm | |
| 丛书名: | ||
| 单 册: | ||
| 中图分类: | O151.2 , O182 | |
| 科图分类: | ||
| 主题词: | 线性代数--高等学校--教材 , 解析几何--高等学校--教材 | |
| 电子资源: | ||
| ISBN: | 978-7-04-042896-4 | |
| 000 | 00954nam0 2200289 450 | |
| 001 | 2106 | |
| 001 | 01CN11316368@CSLN | |
| 005 | 20161205095748.43 | |
| 010 | @a978-7-04-042896-4@dCNY23.70 | |
| 100 | @a20150716d2015 em y0chiy50 ea | |
| 101 | 0 | @achi |
| 102 | @aCN@b110000 | |
| 105 | @ay z 000yy | |
| 200 | 1 | @a线性代数与解析几何@9xian xing dai shu yu jie xi ji he@f周胜林,刘西民编 |
| 205 | @a2版 | |
| 210 | @a北京@c高等教育出版社@d2015.07 | |
| 215 | @a212页@d23cm | |
| 330 | @a本书内容共分七章,包括行列式、矩阵、向量代数与几何应用、线性方程组、特征向量、二次型与二次曲面、线性空间和线性变换。 | |
| 333 | @a高等院校工科和其他非数学专业本科生 | |
| 606 | 0 | @a线性代数@x高等学校@j教材 |
| 606 | 0 | @a解析几何@x高等学校@j教材 |
| 690 | @aO151.2@v4 | |
| 690 | @aO182@v4 | |
| 701 | 0 | @a周胜林@9zhou sheng lin@4编 |
| 701 | 0 | @a刘西民@9liu xi min@4编 |
| 801 | 0 | @aCN@b大连网信软件有限公司图书馆·11@c20161205 |
| 905 | @aZUCC@dO151.2@e338=2 | |
| 线性代数与解析几何/周胜林,刘西民编.-2版.-北京:高等教育出版社,2015.07 |
| 212页;23cm |
| 使用对象:高等院校工科和其他非数学专业本科生 |
| ISBN 978-7-04-042896-4:CNY23.70 |
| 本书内容共分七章,包括行列式、矩阵、向量代数与几何应用、线性方程组、特征向量、二次型与二次曲面、线性空间和线性变换。 |
| ● |
| 相关链接 |
|
|
|
|
正题名:线性代数与解析几何
索取号:O151.2/338=2
 
预约/预借
| 序号 | 登录号 | 条形码 | 馆藏地/架位号 | 状态 | 备注 |
| 1 | 910386 | 209103860 | 第二样本阅览室/ [索取号:O151.2/338=2] | 在馆 | |
| 2 | 910387 | 209103879 | 第三借阅区/ [索取号:O151.2/338=2] | 在馆 | |
| 3 | 910388 | 209103888 | 第三借阅区/ [索取号:O151.2/338=2] | 在馆 | |
| 4 | 910389 | 209103897 | 第三借阅区/ [索取号:O151.2/338=2] | 在馆 | |
| 5 | 910390 | 209103904 | 第三借阅区/ [索取号:O151.2/338=2] | 在馆 |